000 00517nam a2200169 i 4500
001 60406
003 ES-MaACL
005 20250325091442.0
007 t|
008 031104s1972 sp ||||1| spa d
100 0 _aJosemaría Escrivá de Balaguer,
_cSanto
_966981
245 1 3 _aLa Ascensión del Señor a los cielos /
_cJosé María Escrivá de Balaguer.
260 _a[Madrid] :
_bPalabra,
_c[1972]
300 _a51 p. ;
_c14 cm.
852 _aES-MaACL
_jC-47195
_bR.81900
999 _c60406
_d60406